000 00662nam a22002177a 4500
005 20141119154118.0
008 141119b xxu||||| |||| 00| 0 eng d
020 _a8170742153
_c250.00
040 _aLoreto College
082 _a954.04
_bCHA
245 _aSocial movements in contemporary India
_cEdited by Shibani Kinkar Chaube and Bidyut Chakraborty
260 _aCalcutta
_bK P Bagchi
_c1999
300 _avii,191p
_b22cm
504 _aIncludes index
650 _aIndia-Social movements
650 _aSocial movements-India-20th century
700 _4ed.
_aChaube,Shibani Kinkar
700 _4ed.
_aChakraborty,Bidyut
850 _aLCLIB
942 _cBK
999 _c39598
_d90077